| 000 | 00936nam a22002777a 4500 | ||
|---|---|---|---|
| 001 | 0074 | ||
| 003 | DO-SdBNP | ||
| 005 | 20240802100038.0 | ||
| 007 | 0074 | ||
| 008 | 150930b2007 sp | 00| 0 spa d | ||
| 020 | _a9972625656 | ||
| 040 |
_aBPMSU _bspa _cBPMSU |
||
| 082 | 4 |
_aR463.2 _bI51p 2007 _222 |
|
| 245 | 0 | 0 |
_aInglés para niños _c |
| 246 | 1 | 4 |
_aInglés para niños : _bDiccionario infantil inglés |
| 260 |
_aBarcelona : _bLexus Editores, _c2007 |
||
| 300 |
_a196 p. ; _c28 cm. |
||
| 505 | _8Contiene abreviaturas, tabla de símbolos fonéticos, notas para el uso del diccionario, diccionario inglés-español, diccionario español-inglés. | ||
| 590 | _aInventariado, 2024/VM | ||
| 650 | 4 |
_aInglés _xDiccionarios _xEspañol |
|
| 650 | 4 |
_aCancioneros infantiles _xInglés _x |
|
| 650 | 4 |
_aInglés _xEnseñanza primaria |
|
| 710 | 2 | _3Lexus Editores | |
| 910 | _aVMateo V. Control de calidad. BPMSU | ||
| 942 |
_2ddc _cBK |
||
| 999 |
_c14761 _d14761 |
||